Statystyki dla Imiona z rozsypanki

Kliknij tutaj aby rozwiązać quiz!

Ogólne statystyki

  • Ten quiz został rozwiązany 165 razy
  • Średni wynik to 15 z 16

Statystyki odpowiedzi

LITERYIMIĘ% Poprawnych
N A H N AHanna
96%
N J AJan
96%
L R A U ALaura
96%
J A M AMaja
96%
Z N Z A U N AZuzanna
95%
A A J I C LAlicja
94%
I P F L IFilip
94%
A R E N D A L K S EAleksander
93%
A O I I W LOliwia
93%
N I A T O NAntoni
92%
K B U J AJakub
92%
J I A L UJulia
92%
A Z I F OZofia
92%
N M I K E D ONikodem
90%
L O N ELeon
89%
A S E N C I R Z F KFranciszek
88%

Rozkład punktacji

Percentyl według liczby udzielonych odpowiedzi

Procent ludzi z każdym wynikiem

Twoja historia wyników

Nie rozwiązałeś tego quizu